LEADER 01162nam a2200265 i 4500 001 000000110164 003 CaOOAMICUS 005 20021122000000.0 008 021122s1995 it u000 u ita u 013 $a82845 020 $a88-7962-066-5 040 $aSeMil$bita 245 10$aPresenza francescana in Lombardia /$ca cura del Comitato Regionale Lombardo "Accensione lampada votiva ad Assisi 95". 260 $aMilano :$bEdizioni Biblioteca Francescana,$ccopyr. 1995. 300 $a125 p. :$bill. ;$c24 cm. 500 $aFondo Card. C.M. Martini. 650 4$aFrancescanesimo - Lombardia.$0(OLS)http://semarc/subject/35712 700 1 $aComitato Regionale Lombardo "Accensione lampada votiva ad Assisi 95".$0(OLS)http://semarc/name/44090 850 $aSeMil 852 $aSeMil$W1$xVenegono$y1$m3G IV 69$j66076$B66076$CSeMilBibl$Z2$F101196 $81 941 1 $a4 961 $aOmaggio: Martini Card. Carlo Maria 996 $6020$a88-7962-066-5$9(OLS)http://semarc/number/83737 996 $6245$aPresenza francescana in Lombardia$9(OLS)http://semarc/title/150659 996 $6260$aMilano :$bEdizioni Biblioteca Francescana$9(OLS)http://semarc/publisher/29947 LEADER 01295nam a2200313 i 4500 001 000000126425 003 CaOOAMICUS 005 20051228000000.0 008 051228s1998 it u000 u ita u 013 $a99131 020 $a88-07-42088-0 040 $aSeMil$bita 100 1 $aDizdarevic, Zlatko <1948- >.$0(OLS)http://semarc/name/52535 245 10$aLettere da Sarajevo /$cZlatko Dizdarevic ; prefazione di Predrag Matvejevic ; prologo di Pietro Veronese. 260 $aMilano :$bFeltrinelli,$c1998. 300 $a139 p. ;$c22 cm. 490 0 $aI libri di Fabrica 500 $aFondo Card. C.M. Martini. 650 4$aSarajevo - Lettere e carteggi.$0(OLS)http://semarc/subject/24701 700 1 $aVeronese, Pietro.$0(OLS)http://semarc/name/52537 700 1 $aMatvejevic, Predrag <1932-2017>.$0(OLS)http://semarc/name/93225 830 2$aI libri di Fabrica.$0(OLS)http://semarc/title/20010 850 $aSeMil 852 $aSeMil$W1$xVenegono$y1$m3V II 132$j80798$B80798$CSeMilBibl$Z2$F107545 $81 941 1 $a4 961 $aOmaggio: Martini Card. Carlo Maria 996 $6020$a88-07-42088-0$9(OLS)http://semarc/number/112600 996 $6245$aLettere da Sarajevo$9(OLS)http://semarc/title/186395 996 $6260$aMilano :$bFeltrinelli$9(OLS)http://semarc/publisher/30237